Statistics for This Day in Sports (August 5th)

Click here to take the quiz!

General Stats

  • This quiz has been taken 10 times
  • The average score is 6 of 10

Answer Stats

QuestionAnswer% Correct
2006: Warren Moon becomes the first black player of what position to be inducted into the Hall of Fame?Quarterback
90%
1986: This Giants pitcher becomes the second player to ever pitch 4,000 strikeouts.Steve Carlton
80%
2013: The MLB bans this Yankee for 211 games as a result of a Biogenesis Laboratories scandal.Alex Rodriguez
70%
1901: Peter O’Connor sets the first recorded long jump world record. What country was he from?Ireland
70%
2005: NBA announces that the 2006 All-Star game will occur in this city without an NBA team.Las Vegas
70%
1921: KDKA Pittsburgh presents the MLB’s first radio broadcast. What team did they cheer for?Pirates
70%
1992: This country wins the first ever baseball gold medal.Cuba
60%
1948: Tore Sjöstrand and company help this country sweep the medals in the 3000m steeplechase.Sweden
40%
1978: The first all-seater stadium is opened in Aberdeen. Aberdeen played which London club in the inaugural match?Tottenham FC
40%
1991: Sergei Bubka breaks his own pole vault record. What country was he from?USSR
40%

Score Distribution

Percentile by Number Answered

Percent of People with Each Score

Your Score History

You have not taken this quiz